Primary Normal Type Pokémon - Statistics

General Stats
  • This quiz has been taken 32 times
    17 since last reset
  • The average score is 44 of 55
Answer Stats
Region Number Secondary Type Answer % Correct
0022 Flying Fearow
100%
0018 Flying Mega Pidgeot
100%
0018 Flying Pidgeot
100%
0017 Flying Pidgeotto
100%
Kanto 0016 Flying Pidgey
100%
0021 Flying Spearow
100%
Unova 0519 Flying Pidove
92%
0398 Flying Staraptor
92%
0397 Flying Staravia
92%
Sinnoh 0396 Flying Starly
92%
0277 Flying Swellow
92%
Hoenn 0276 Flying Taillow
92%
0520 Flying Tranquill
92%
0400 Water Bibarel
83%
0203 Psychic Girafarig
83%
Johto 0163 Flying Hoothoot
83%
0174 Fairy Igglybuff
83%
0039 Fairy Jigglypuff
83%
0164 Flying Noctowl
83%
0333 Flying Swablu
83%
0521 Flying Unfezant
83%
0040 Fairy Wigglytuff
83%
0298 Fairy Azurill
75%
0760 Fighting Bewear
75%
0628 Flying Braviary
75%
0585 Grass Deerling (Autumn Form)
75%
0585 Grass Deerling (Spring Form)
75%
0585 Grass Deerling (Summer Form)
75%
0585 Grass Deerling (Winter Form)
75%
Kalos 0660 Ground Diggersby
75%
0085 Flying Dodrio
75%
0084 Flying Doduo
75%
0780 Dragon Drampa
75%
0083 Flying Farfetch'd
75%
0981 Psychic Farigiraf
75%
0661 Flying Fletchling
75%
0531 Fairy Mega Audino
75%
0648 Psychic Meloetta (Aria Forme)
75%
0648 Fighting Meloetta (Pirouette Forme)
75%
0765 Psychic Oranguru
75%
Alola 0731 Flying Pikipek
75%
0627 Flying Rufflet
75%
0586 Grass Sawsbuck (Autumn Form)
75%
0586 Grass Sawsbuck (Spring Form)
75%
0586 Grass Sawsbuck (Summer Form)
75%
0586 Grass Sawsbuck (Winter Form)
75%
0759 Fighting Stufful
75%
0733 Flying Toucannon
75%
0732 Flying Trumbeak
75%
Hisui 0899 Psychic Wyrdeer
75%
0571 Ghost Zoroark (Hisuian Form)
75%
0570 Ghost Zorua (Hisuian Form)
75%
0441 Flying Chatot
67%
0428 Fighting Mega Lopunny
67%
Paldea 0931 Flying Squawkabilly
67%
No matching quizzes found
Score Distribution
Percent of People with Each Score
Percentile by Number Answered
Your Score History
You have not taken this quiz since the last reset